| 000 | 00559cam a22001931 4500 | ||
|---|---|---|---|
| 001 | g 01002108 | ||
| 003 | DLC | ||
| 005 | 20260227111257.0 | ||
| 008 | 810429s1896 gw a 000 1 ger | ||
| 010 | _ag 01002108 | ||
| 035 | _a(OCoLC)7373561 | ||
| 040 |
_aDLC _cOCoLC _dOCoLC _dDLC |
||
| 042 | _apremarc | ||
| 050 | 0 | 0 |
_aPT2356 _b.V3 1896 |
| 100 | 1 |
_aHeyse, Paul, _d1830-1914. |
|
| 245 | 1 | 0 |
_aVerrathenes Glück. _bEmerenz. Zwei Geschichten. _cIllustriert von C. Zopf. |
| 260 |
_aStuttgart, _bC. Krabbe _c[1896] |
||
| 300 |
_a2 p. l., 131 p. _billus. _c19 cm. |
||
| 999 |
_c23912 _d23912 |
||